000 00843cam a2200253 4500
001 J2428
008 090401t1994 xxu||||| |||| 00| 0 eng d
035 _a(Sirsi) u49009
041 _aeng
050 _a338.4569
_c18
110 _aConsultative Committee on Construction Industry Statistics
_92658
245 4 _aThe state of the construction industry
_bissue 2 (July 1994)
260 _aLondon
_bDepartment of the Environment
_c1994
300 _a23p.
_c30cm.
350 _a0
490 _aCCCIS State of the Industry Report
_v2
520 _aA report jointly prepared by the Department of the Environment and representatives of the construction industry.
650 _aBUILDING INDUSTRY
650 _aSTATE OF THE CONSTRUCTION INDUSTRY
650 _aSTATISTICS
690 _aBUILT ENVIRONMENT
942 _n0
948 _c04/03/1997
999 _c92465
_d92465